000 00871nas a2200277 4500
001 BR0405169
003 BR-BrBNA
005 20231205104924.0
007 ta
008 230509b bl.|||p| |||| 00| 00por d
040 _aBR-BrBNA
_bpor
_cBiblioteca Nacional de Agricultura
041 _a(Pt)
072 _aE50; E80
100 1 _aSilva, N.M. da
100 1 _aLoures, A.R.M.
245 1 _aPropagandas de televisão e sua influência sobre a criança na percepção dos pais
650 _aCRIANÇA
650 _aTELECOMUNICAÇÃO
650 _aSOCIOLOGIA ECONÔMICA
650 _aECONOMIA DOMÉSTICA
650 _aDADOS ESTATÍSTICOS
650 _aMINAS GERAIS
773 0 _tOIKOS - Revista Brasileira de Economia Doméstica (Brazil)
_xISSN 0101-5273
_g(1996), v. 9(2) p. 55-80
_wBR0405169
909 _a202311
_bLúcia
_c55
_dLúcia Elande
942 _2AGRIS
_n0
_cANA
999 _c180311
_d180311